| 000 | 00360 a2200121 4500 | ||
|---|---|---|---|
| 000 | nam a22 7a 4500 | ||
| 005 | 20250925102453.0 | ||
| 020 | _a978-1-5381-7185-1 | ||
| 100 |
_aVanhoutte, Kristof K. P. _9846589 |
||
| 245 | _aMirror of death: hermeneutical reflections of the realms in the afterlife | ||
| 260 |
_bRowman & Littlefield _c2024 |
||
| 942 | _cTB | ||
| 999 |
_c1464036 _d1464036 |
||